|
|
|
|
| LEADER |
01173naa a2200229 i 4500 |
| 001 |
acta78166 |
| 005 |
20230130102517.0 |
| 008 |
230130s2023 hu o 1|| eng d |
| 024 |
7 |
|
|a 10.14232/syrptbrs.2023.30
|2 doi
|
| 040 |
|
|
|a SZTE Egyetemi Kiadványok Repozitórium
|b hun
|
| 041 |
|
|
|a eng
|
| 100 |
1 |
|
|a Šafranko Silvija
|
| 245 |
1 |
0 |
|a Multifunctional biomass-derived and N-doped carbon quantum dots - the versatile nanoparticles for ion sensing with potential biological and pharmacological activity
|h [elektronikus dokumentum] /
|c Šafranko Silvija
|
| 260 |
|
|
|c 2023
|
| 300 |
|
|
|a 30
|
| 490 |
0 |
|
|a Symposium of Young Researchers on Pharmaceutical Technology, Biotechnology and Regulatory Science
|v 5
|
| 650 |
|
4 |
|a Orvos- és egészségtudomány
|
| 650 |
|
4 |
|a Általános orvostudomány
|
| 695 |
|
|
|a Gyógyszertechnológia - előadáskivonat, Biotechnológia - előadáskivonat, Biomassza - előadáskivonat
|
| 700 |
0 |
1 |
|a Jokić Stela
|e aut
|
| 711 |
|
|
|a Symposium of Young Researchers on Pharmaceutical Technology, Biotechnology and Regulatory Science (5.)
|c Szeged
|d 2023. január 18-20.
|
| 856 |
4 |
0 |
|u http://acta.bibl.u-szeged.hu/78166/1/syrptbrs_2023_030.pdf
|z Dokumentum-elérés
|